| 000 -ლიდერი |
| ფიქსირებული სიგრძის საკონტროლო ველი |
01435nam a2200241Ia 4500 |
| 001 - საკონტროლო ნომერი |
| საკონტროლო ველი |
3833 |
| 003 - საკონტროლო ნომრის იდენტიფიკატორი |
| საკონტროლო ველი |
GE_BSU |
| 005 - ბოლო ოპერაციის თარიღი და დრო |
| საკონტროლო ველი |
20190823143049.0 |
| 008 - ფიქსირებული სიგრძის მონაცემთა ელემენტები - ზოგადი ინფორმაცია |
| ფიქსირებული სიგრძის საკონტროლო ველი |
181216s1985||||ge |||||||||||||| ||geo|| |
| 040 ## - კატალოგიზაციის წყარო |
| Transcribing agency |
GE_BSU |
| 041 ## - ენის კოდი |
| Language code of text/sound track or separate title |
geo |
| 080 ## - უნივერსალური ათობითი კლასიფიკაციის ინდექსი |
| Universal Decimal Classification number |
271.222(479.22) თ–37 |
| 100 ## - მთავარი ჩანაწერი - პიროვნების სახელი |
| Personal name |
თაქთაქიშვილი, დ. |
| 9 (RLIN) |
3761 |
| 245 ## - ცნობა სათაურის შესახებ |
| Title |
მოდერნიზმი ქართულ მართლმადიდებლობაში / |
| Statement of responsibility, etc |
დ. თაქთაქიშვილი; რედ. ო. გაბიძაშვილი; საქართველოს სსრ მეცნ. აკად. პრეზიდიუმთან არსებული ათეისტური მუშაობის კომისია. |
| 264 ## - წარმოების, გამოცემის, დისტრიბუციის და სხვა ცნობები |
| გამოცემის, წარმოების, დისტრიბუციის... ადგილი |
თბ. : |
| გამოცემის, წარმოების, დისტრიბუციის... სახელწოდება |
მეცნიერება, |
| გამოცემის, წარმოების, დისტრიბუციის... თარიღი |
1985. |
| 300 ## - ფიზიკური აღწერა |
| Extent |
56 გვ.; |
| Other physical details |
20 სმ. |
| 504 ## - BIBLIOGRAPHY, ETC. NOTE |
| Bibliography, etc |
ბიბლიოგრ. ტექსტის შენიშვნ. |
| 653 ## - INDEX TERM--UNCONTROLLED |
| Uncontrolled term |
რელიგია |
| 653 ## - INDEX TERM--UNCONTROLLED |
| Uncontrolled term |
მართლმადიდებლობა საქართველოში |
| 700 ## - ADDED ENTRY--PERSONAL NAME |
| Personal name |
გაბიძაშვილი, ო. |
| Relator term |
რედაქტორი |
| 9 (RLIN) |
3762 |
| 710 ## - ADDED ENTRY--CORPORATE NAME |
| Corporate name or jurisdiction name as entry element |
საქართველოს სსრ მეცნ. აკად. პრეზიდიუმთან არსებული ათეისტური მუშაობის კომისია. |
| 9 (RLIN) |
3763 |
| 942 ## - ADDED ENTRY ELEMENTS (KOHA) |
| Koha item type |
წიგნი |
| Source of classification or shelving scheme |
|